[Event "POL-chT3 Wielkopolskie 1415"]
[Site "Poland"]
[Date "2015.01.18"]
[Round "5.19"]
[White "Rosik, Jakub"]
[Black "Zakrzewski, Marek"]
[Result "0-1"]
[WhiteElo "1865"]
[BlackElo "2152"]
[PlyCount "50"]
[EventDate "2014.11.30"]
[EventType "team-tourn"]
[EventRounds "11"]
[EventCountry "POL"]
[SourceTitle "EXT 2019"]
[Source "ChessBase"]
[SourceDate "2018.10.10"]
[SourceVersion "1"]
[SourceVersionDate "2018.10.10"]
[SourceQuality "1"]

1. e4 c5 2. d4 cxd4 3. c3 dxc3 4. Nxc3 e6 5. Nf3 Nc6 6. Bc4 a6 7. 0-0 b5 8. Bb3 Nge7 9. Bg5 h6 10. Be3 Ng6 11. Qe2 Be7 12. Rfd1 0-0 13. Rac1 Bb7 14. Nd2 Bg5 15. g3 Bxe3 16. Qxe3 Re8 17. f4 d5 18. Nf3 Qb8 19. Kf2 b4 20. Na4 dxe4 21. Nd2 Nce7 22. Nxe4 Nf5 23. Qe1 Nxf4 24. Qxb4 Nh3+ 25. Ke2 a5 0-1

[Event "POL-chT IV GrB"]
[Site "Konin"]
[Date "2011.03.27"]
[Round "9"]
[White "Rosik, Jakub"]
[Black "Rupental, Janusz"]
[Result "1/2-1/2"]
[WhiteElo "1778"]
[BlackElo "1962"]
[PlyCount "68"]
[EventDate "2011.01.23"]
[EventType "team-tourn"]
[EventRounds "9"]
[EventCountry "POL"]
[SourceTitle "EXT 2019"]
[Source "ChessBase"]
[SourceDate "2018.10.10"]
[SourceVersion "1"]
[SourceVersionDate "2018.10.10"]
[SourceQuality "1"]
[WhiteTeam "Ostrow Wielkopolski II"]
[BlackTeam "Konin Hetman II"]
[WhiteTeamCountry "POL"]
[BlackTeamCountry "POL"]

1. e4 e5 2. Nf3 d6 3. Bc4 Be7 4. d4 exd4 5. Nxd4 Nf6 6. Nc3 0-0 7. Bb3 Nc6 8. Nxc6 bxc6 9. 0-0 Rb8 10. Bf4 Be6 11. e5 Ne8 12. exd6 Bxd6 13. Bxd6 cxd6 14. Bxe6 fxe6 15. b3 d5 16. Qd4 Qc7 17. Rae1 Rf6 18. Qc5 Kf7 19. a4 Qb6 20. Qxb6 axb6 21. f4 Nd6 22. g3 Nf5 23. Re2 Nd4 24. Rd2 e5 25. Ne2 Nxe2+ 26. Rxe2 exf4 27. Rxf4 Rxf4 28. gxf4 b5 29. axb5 Rxb5 30. Kf2 Rc5 31. Ke3 Rb5 32. Kd4 h6 33. Ke5 Rc5 34. f5 d4+ 1/2-1/2

[Event "POL-chT IV GrB"]
[Site "Konin"]
[Date "2011.03.13"]
[Round "6"]
[White "Szrejter, Lukasz"]
[Black "Rosik, Jakub"]
[Result "0-1"]
[WhiteElo "1891"]
[BlackElo "1778"]
[PlyCount "82"]
[EventDate "2011.01.23"]
[EventType "team-tourn"]
[EventRounds "9"]
[EventCountry "POL"]
[SourceTitle "EXT 2019"]
[Source "ChessBase"]
[SourceDate "2018.10.10"]
[SourceVersion "1"]
[SourceVersionDate "2018.10.10"]
[SourceQuality "1"]
[WhiteTeam "Nowe Skalmierzyce Pogon"]
[BlackTeam "Ostrow Wielkopolski II"]
[WhiteTeamCountry "POL"]
[BlackTeamCountry "POL"]

1. e4 d5 2. exd5 Qxd5 3. Nc3 Qa5 4. d4 Nf6 5. Nf3 c6 6. Bc4 Bf5 7. Ne5 Bg6 8. g4 Nbd7 9. Bf4 e6 10. Nxg6 hxg6 11. Qe2 Bb4 12. Bd2 Nb6 13. Bb3 Nbd5 14. Bxd5 Nxd5 15. Qc4 0-0 16. 0-0-0 Nxc3 17. bxc3 Ba3+ 18. Kb1 Qb5+ 19. Qxb5 cxb5 20. h4 f6 21. Rh3 Bd6 22. f4 Rac8 23. Rf1 Kf7 24. h5 gxh5 25. Rxh5 a6 26. Kb2 Rh8 27. Rfh1 Rxh5 28. Rxh5 Bf8 29. Rh8 Ba3+ 30. Kxa3 Rxh8 31. g5 Rh2 32. Be3 Rxc2 33. Kb3 Re2 34. Bc1 Ke7 35. gxf6+ Kxf6 36. Ba3 Kf5 37. Bd6 Rf2 38. c4 bxc4+ 39. Kxc4 Rxf4 40. Bxf4 Kxf4 41. Kb4 g5 0-1

[Event "POL-chT IV GrB"]
[Site "Konin"]
[Date "2011.01.23"]
[Round "2"]
[White "Rosik, Jakub"]
[Black "Szadkowski, Kamil"]
[Result "0-1"]
[WhiteElo "1778"]
[BlackElo "2192"]
[PlyCount "52"]
[EventDate "2011.01.23"]
[EventType "team-tourn"]
[EventRounds "9"]
[EventCountry "POL"]
[SourceTitle "EXT 2019"]
[Source "ChessBase"]
[SourceDate "2018.10.10"]
[SourceVersion "1"]
[SourceVersionDate "2018.10.10"]
[SourceQuality "1"]
[WhiteTeam "Ostrow Wielkopolski II"]
[BlackTeam "Konin UKS Smecz"]
[WhiteTeamCountry "POL"]
[BlackTeamCountry "POL"]

1. e4 c5 2. d4 cxd4 3. c3 dxc3 4. Nxc3 e6 5. Nf3 Bb4 6. Bc4 Qc7 7. Qe2 b5 8. Bb3 Bxc3+ 9. bxc3 Qxc3+ 10. Qd2 Qxa1 11. 0-0 Qf6 12. Bb2 Qg6 13. Rc1 Nc6 14. Qd6 Nge7 15. Ba3 b4 16. Bxb4 Nxb4 17. Qxb4 0-0 18. Qxe7 Bb7 19. Qxd7 Bxe4 20. Qd1 Rac8 21. Rxc8 Rxc8 22. Ne1 h6 23. f3 Bb1 24. Qd4 Qg5 25. h4 Qa5 26. Nc2 Bxc2 0-1